Reflections / (Record no. 24904)
[ view plain ]
| 000 -LEADER | |
|---|---|
| fixed length control field | 00975nam a2200253 4500 |
| 001 - CONTROL NUMBER | |
| control field | vtls002443360 |
| 003 - CONTROL NUMBER IDENTIFIER | |
| control field | MY-SjTCS |
| 005 - DATE AND TIME OF LATEST TRANSACTION | |
| control field | 20200306154101.0 |
| 008 - FIXED-LENGTH DATA ELEMENTS--GENERAL INFORMATION | |
| fixed length control field | 110218s1994 maua 00 eng |
| 020 ## - INTERNATIONAL STANDARD BOOK NUMBER | |
| International Standard Book Number | 0838448461 |
| 039 #9 - LEVEL OF BIBLIOGRAPHIC CONTROL AND CODING DETAIL [OBSOLETE] | |
| Level of rules in bibliographic description | 201910031141 |
| Level of effort used to assign nonsubject heading access points | ummi |
| Level of effort used to assign subject headings | 201102181513 |
| Level of effort used to assign classification | VLOAD |
| Level of effort used to assign subject headings | 200811241757 |
| Level of effort used to assign classification | VLOAD |
| -- | 200407271939 |
| -- | VLOAD |
| 082 04 - DEWEY DECIMAL CLASSIFICATION NUMBER | |
| Classification number | 428.64 |
| Item number | DEN |
| 100 1# - MAIN ENTRY--PERSONAL NAME | |
| Personal name | Dennis, John. |
| 9 (RLIN) | 14742 |
| 245 10 - TITLE STATEMENT | |
| Title | Reflections / |
| Statement of responsibility, etc. | John Dennis, Suzanne Griffin |
| 250 ## - EDITION STATEMENT | |
| Edition statement | 2nd ed. |
| 260 ## - PUBLICATION, DISTRIBUTION, ETC. | |
| Place of publication, distribution, etc. | Boston : |
| Name of publisher, distributor, etc. | Heinle & Heinle, |
| Date of publication, distribution, etc. | c1994 |
| 300 ## - PHYSICAL DESCRIPTION | |
| Extent | vii, 232 p. : |
| Other physical details | ill. ; |
| Dimensions | 22 cm. |
| 500 ## - GENERAL NOTE | |
| General note | Rev. ed. of: Reflections, an intermediate reader / Suzanne Griffin, John Dennis. Rowley, Mass. : Newbury House Publishers, c1979 |
| 650 #0 - SUBJECT ADDED ENTRY--TOPICAL TERM | |
| Topical term or geographic name entry element | English language |
| Form subdivision | Textbooks for foreign speakers. |
| 9 (RLIN) | 10818 |
| 650 #0 - SUBJECT ADDED ENTRY--TOPICAL TERM | |
| Topical term or geographic name entry element | Readers. |
| 9 (RLIN) | 201303 |
| 700 1# - ADDED ENTRY--PERSONAL NAME | |
| Personal name | Griffin, Suzanne M., |
| Dates associated with a name | 1945- |
| 9 (RLIN) | 206668 |
| 700 1# - ADDED ENTRY--PERSONAL NAME | |
| Personal name | Griffin, Suzanne M., |
| Dates associated with a name | 1945- |
| Title of a work | Reflections, an intermediate reader. |
| 9 (RLIN) | 206669 |
| 920 ## - Programme | |
| Programme | ADP : 95148 |
| Withdrawn status | Lost status | Source of classification or shelving scheme | Damaged status | Not for loan | Collection code | Home library | Current library | Date acquired | Total Checkouts | Barcode | Date last seen | Date last checked out | Copy number | Koha item type | Public note |
|---|---|---|---|---|---|---|---|---|---|---|---|---|---|---|---|
| Withdrawn | Dewey Decimal Classification | Please fill up online form at https://taylorslibrary.taylors.edu.my/services/external_storage1 | Taylor's Library-TU | TU External Storage-LCS | 27/07/2004 | 1000503931 | 05/12/2019 | 04/02/2005 | 1 | Main Collection | ADTP, 95148 |